Mitamura Engyo zenshū.

Saved in:
Bibliographic Details
Main Author: Mitamura, Engyo, 1870-1952.
Format: Book
Language:Japanese
Published: Tōkyō : Chūō Kōronsha, Shōwa 50-58 [1975-1983]
Subjects:
Tags: Add Tag
No Tags, Be the first to tag this record!
LEADER 00706cam a2200241 a 4500
001 007714962-9
005 20020606104010.5
008 840319m19751983ja 000 0 jpn
010 |a  75806876 /AJ/r91 
015 |a Ja75-10752 (v. 11) 
035 0 |a ocm08556704 
040 |a DLC  |c DLC  |d OCL  |d YNH 
043 |a a-ja--- 
050 0 |a DS822.2  |b .M56 1975 
100 1 |a Mitamura, Engyo,  |d 1870-1952. 
240 1 0 |a Works 
245 1 0 |a Mitamura Engyo zenshū. 
260 |a Tōkyō :  |b Chūō Kōronsha,  |c Shōwa 50-58 [1975-1983] 
300 |a 28 v. ;  |c 20 cm. 
651 0 |a Japan  |x Social life and customs  |y 1600-1868. 
651 0 |a Tokyo (Japan)  |x Social life and customs  |y 1600-1868. 
988 |a 20020608 
906 |0 DLC